| 000 | 00964cam a2200253 4500 | ||
|---|---|---|---|
| 001 | J122315 | ||
| 008 | 030512n2003 000 0 eng u | ||
| 035 | _a(Sirsi) u122315 | ||
| 041 | _aeng | ||
| 050 |
_a711.78 _c18 |
||
| 110 |
_aDfT _94403 |
||
| 240 | _aAviation White Paper | ||
| 245 | 4 |
_aThe future development of air transport in the United Kingdom _ba national consultation |
|
| 260 |
_aLondon _bDfT _c2003 |
||
| 520 | _aConsultation on aviation capacity in the UK which aims to examine and decide how the nation's air services and airports should develop over the next 30 years. View at www.aviation.dft.gov.uk. | ||
| 650 | _aAIRPORT EXPANSION | ||
| 650 | _aAIRPORT DEVELOPMENT | ||
| 650 | _aRUNWAYS | ||
| 690 | _aTRANSPORT AND COMMUNICATIONS | ||
| 710 |
_aScottish Executive _93811 |
||
| 710 |
_aNAFW _93812 |
||
| 856 |
_uhttps://www.aviation.dft.gov.uk/consult/airconsult/index.htm _vView the consultation on the DfT website... |
||
| 942 | _n0 | ||
| 999 |
_c102828 _d102828 |
||